Länder mit den meisten Satelliten - Statistiken

Allgemein
  • Dieses Quiz wurde 195 mal gespielt
  • Das Durchschnittsergebnis liegt bei 16 aus 20
Antwortstatistiken
# Land % Korrekt
467 China
100%
47 Deutschland
99%
2804 Vereinigte Staaten
99%
168 Russland
98%
31 Frankreich
96%
24 Spanien
93%
16 Brasilien
90%
61 Indien
90%
57 kanada
89%
93 Japan
88%
21 Italien
87%
349 Vereinigtes Königreich
86%
14 Australien
82%
13 Saudi Arabien
77%
18 Südkorea
77%
34 Argentinien
69%
16 Niederlande
52%
19 Israel
42%
15 Finnland
29%
40 Luxemburg
6%
Keine übereinstimmenden Quizze gefunden
Verteilung der Resultate
Anzahl Personen mit jedem Resultat
Perzentil nach korrekt beantworteten Fragen
Ihre Resultats-Entwicklung
Sie haben dieses Quiz noch nicht gespielt